Mikä Haloo Helsingin biisi? - Statistics

Yleistilastot
  • Tätä visaa on pelattu 71 kertaa
  • Keskiarvotulos 31 / 103
Vastaustilastot
Hint Vastaus % Oikein
Nyt hihnalle laukku ja viimeinen kuppi naamaan Maailman Toisella Puolen
73%
Kuka sä oot ja mitä teet mun edessäni kello viis Beibi
65%
Mä astun baariin sisään, ei missään juuri ketään Pulp Fiction
65%
Mies meni itkevää lasta auttamaan Kiitos ei ole kirosana
62%
On nainen ratissa kyyneleitä keräillen Vapaus käteen jää
62%
Mistä tiedän, että kuka on oikea? Jos Mun Pokka Pettää
58%
Sä oot nainen jonka ympärille tuolit aina tuodaan Nainen jonka ympärille tuolit tuodaan
58%
Se oli sun lämpö, jolla mut koukkuun sait Rakas
58%
Meil ei oo sormuksii, ei taulutelkkarii Maailma on tehty meitä varten
54%
On kesäyö, hyppään kyytiis, sä näytät hyvältä Tulikärpäset
54%
Kesälauantai nyt, oon mökille lähtenyt Ei suomalaiset tanssi
50%
Sulje silmät, sulje suu Hulluuden Highway
50%
Mä herään aamuviideltä, otan vihreän teekupin liedeltä Huuda!
50%
Hulinaa, kadut täynnä valoja vaan Joulun kanssas jaan
50%
Kuus vuotta sua kuuntelin Kaksi ihmistä
50%
Jos lähden rakkautta etsimään, olen varma, se ei vastaan tuu Kuussa tuulee
50%
Valot syttyy ja sammuu samaan aikaan Reiviluola
50%
Kiskoja pitkin keskustaan Haloo Helsinki!
46%
Mä tajuta sain, että hetki on kaunis Hetki on kaunis
46%
Nostan taas kädet korville kun lapset laulaa Let It Go:ta puistossa Pelikaani
46%
Kalliolla sun kanssa taas kahdestaan Piilotan mun kyyneleet
46%
Nainen sylissään pienoinen ihme Tuntematon
46%
Ahkerina kuin pienet muurahaiset me maailmaa tuhotaan Lady Domina
42%
Siitä on nyt kaksi, kaksi vuotta, kun sä hävisit yksin sen taistelun Voiko enkelitkin eksyä
42%
Sälekaihtimen väleistä hehkuu, säde seepran selkääsi piirtää Carpe Diem
38%
Miten voit jaksaa, miten voit nauraa vieläkin Lähtövalmiina
38%
Kun sä olit viisi sä olit Supermies Supermies
38%
Check check stop, stop tykkänään TEXAS
38%
Kun maailma muuttuu, myös me muututaan Älä pelkää elämää
35%
Mä makaan nurmikolla kyljellään ja mietin miksi vihaa viljellään Go Saimaa
35%
Tuntuu että jotkut rakkausparit on ihmisen kuvia vaan Ihmisen kuvat
35%
Oot hyvin pieni, oot hyvin hauras Kevyempi kantaa
35%
En tiedä missä olet nyt Kuule Minua
35%
Ilmaa, hengitän iltaruuhkan ilmaa Vieri Vesi Vieri
35%
Pelkään, että ihmiset on laitettu liikkumaan Vihaan kyllästynyt
35%
Ai sulla alkaa päähän sattua Foliohattukauppias
31%
Täällä mä odotan valmiina Gardenia
31%
Mä tiedän et mun pitäis katsoo muualle kun seisot edessä Jos Elämä Ois Helppoo
31%
Roskapussi hajoaa, ananasta matolla Kaaos Ei Karkaa
31%
Sä tulit ihan puskista Köpis 2012
31%
Sä tulit mun elämään niin myöhään Neljä vuodenaikaa
31%
On kuuma, vaik ulkona ilta viilenee Oh No Let's Go
31%
"Tää rakkaus ei lopu koskaan", sanoit viime keväänä mulle Tää rakkaus ei lopu koskaan
31%
Kuljin kotiin siipi maassa Elävät Ja Kuolleet
27%
Mun horoskooppi kerto, että tänään kantsii heittää kaikki rahat pelikoneisiin Heikkoon valoon
27%
Mitä sä seuraat ja mitä sä kyyläät? Kokeile Minua
27%
Mitä jos herään aamulla ja olisinkin Jumala? Kutsu mua Jumalaksi
27%
Voit juosta karkuun tai törmääviin autoihin Linnanmäki Palaa
27%
Mies tahtoi päästä ikänsä lentämään Parempaan päin
27%
Istun suihkussa viidettä tuntia Seitsemän miljardii
27%
Kevään jälkeen pikkuhiljaa taas valo alkaa mussa toistumaan Terveisin mä
27%
Sieltä saavut rullaluistellen Ydintalvi
27%
Sano vaan, sano vaan, sano kaikki mitä mieleen juolahtaa Älä länkytä
23%
Bussin etupenkissä jalat ojossa, satakymmenen kilsaa kirjotettavaa Avautumisraita
23%
Belmont palaa parvekkeella Beautiful Day
23%
Kun sä synnyit kirjan kätees sait siinä luki: "Elä oikein!" Eerika
23%
Ilta laskeutuu Tallinnan aukiolla Ei Eerika pääse taivaaseen
23%
Päivästä toiseen kaikki on arvoitusta Halleluja
23%
Plääni on, et tänään mä saan jonkun joka mua rakastaa Hys Hys
23%
Käärö käteen, käärö pois ja käärö takaisin Hyvää Matkaa
23%
On lehmät lentäneet lautasilta taivaaseen Kerran kuussa
23%
Sun puhelusi muistan vieläkin Kukkameri
23%
"Jos mä sua pettäisin, en silmiin koskaan sua katsoisi, tiedät sen" Miltä Nyt Tuntuu
23%
Voin olla niinkuin muutkin on, tavallinen ja täysin tuntematon Mua Ei Oo
23%
Tänään mä päätin, että mä aion sun viereen rauhoittua Rakasta mua nyt
23%
Rakkaus on tahditon Rakkaus
23%
Sä tulit lujaa ja hait mut Hämeentieltä Sinisissä Valoissa
23%
Se oli vuos nollakuus, olit ihan liian huikee tuttavuus Sun kanssa pakenen
23%
Mä oon kauniimpi kuin kukaan muu Syvälle silmiin
23%
Mistä sä ilmestyit ihan siihen viereeni? Tahdon
23%
Kun on yksin sitä miettii omaa ihmisyyttään Taivaanlaiva
23%
Ei yksi tyyppi koko maailmaa ehkä pelasta Teräslinnut
23%
Miten käy, jos kaikki ahneus nyt ihmisiltä poistetaan Yhdessä ihminen
23%
Tunnetko kuinka maa polttaa? Burning Man
19%
Yllättäen hiffasin sen tää voi loppua seinään Eurojackpot
19%
Ihan sattumaa - ou, ou, ou, ou Ihan Sattumaa
19%
Lehdet ovat puista pudonneet Kaikki päättyy kyyneliin
19%
Kävelen tänään tosi tasaisin askelin Kärpästen herra
19%
Valvot yhä jälkeen illan torstaiksi jo vaihtuneen Lehdet kellastuu
19%
Pipo ei pidä tuulta, no heitä se pois Melkein Sekaisin
19%
Kadulla on kuuma, kadulla on kuuma Mun sydän sanoo niin
19%
Mä osaan istuu hiljaa ja aloillaan Perjantaina
19%
Taas tää sama paikka, kaikki tutut naamat nään Saatanan Zen
19%
Mitä ne taas kiroilee Teidän Lapset
19%
Niin sataa raskaat pisarat Toiset Lähtee, Toiset Jää
19%
Tänään mennään, piikki auki Vegas
19%
Tänään, teltta takakonttiin, lähdetään, pojat etupenkkiin Yksi Ilta Unohdusta
19%
Yy, kaa, koo, nee, vii, kuu, mä testaan taas Hei Haloo
15%
Mikä riittää onnelliseen elämään? Hukatut Miljoonat
15%
Kello on tasan yhdeksän ja kaupan ovet aukee Juoskaa
15%
Arki alkaa maanantaina Laula lujempaa (Show Must Go On)
15%
Helsingin keskusta, ammottaa aukkoja Mannerheimintie
15%
Mä toistan niitä liikkeitä joita kuuluukin Onneton blondi
15%
Jos kaadut katuojaan, en juokse sua pois nostamaan Rakkauden Jälkeen
15%
Sä olit pohjattoman yksinäinen Silmät Kii
15%
Koko sotku lähti jostain väärinkäsitystä usko minua Totuus Ja Valhe
15%
Yhä nuorempana se alkaa, koko maailma sekoaa Valherakkaus
15%
Heräsin, kun liikenteen äänet huusivat mun huoneeseen Yksinäiset
15%
Mä jäin katsomaan kadulle sun varjoo katoavaa Sairastun Sinuun
12%
Rakkaus on lyhyt kuin varpusen lento Viimeinen Maalissa
12%
Sun kämmen hakkaa pöytää niinkuin sanas muuttuis siitä todemmiksi Entisessä Elämässä
8%
Joo, en mä tiedä mitä tapahtui Farssi
8%
Mieleni on valmiiksi rähjäinen, hyvä hyvä, hyvä hyvä Moshpit
8%
Ehtoja vastaavia visoja ei löytynyt
Tulosjakauma
Jokaisen tuloksen saaneiden osuus
Persentiili vastausten määrän mukaan
Tuloshistoriasi
Et ole pelannut tätä visaa